| 000 | 00444nam a2200169Ia 4500 | ||
|---|---|---|---|
| 005 | 20250224143849.0 | ||
| 008 | 231217s9999 xx 000 0 und d | ||
| 020 | _a9788131720189 | ||
| 082 | _a621.3981 SCO;1 R | ||
| 100 | _aScott, Mackenzie I. Phan, Raphael C W. | ||
| 245 | 0 | _a8051 microcontroller | |
| 250 | _a4th ed. | ||
| 260 |
_c2007 _bDorling Kindersley _aNoida |
||
| 300 | _a551 | ||
| 650 | _a8051,microcontroller | ||
| 942 | _cAA | ||
| 999 |
_c191880 _d191880 |
||